000 00847nam a22003015b 4500
001 00412571
003 DO-SdBPM
005 20250512133418.0
007 00412571
008 940907s1994 sp | | ||spa
017 _a
_b
020 _a8420646342
035 _a
040 _aDO-SdBPM
_bspa
_cBPMSU
_e
082 4 _aA863.6
_bC335m 1994
_222
100 1 _aBioy Casares, Adolfo,
_d1914-1999.
245 1 0 _aMáscaras venecianas ; La sierva ajena /
_cAdolfo Bioy Casares.
_h
246 1 3 _aLa sierva ajena
260 _aMadrid :
_bAlianza Editorial,
_c1994.
300 _a94 p. ;
_c15 cm
490 0 _aAlianza cien,
_v34
590 _aInventariado, 2025/VM
650 4 _aCuentos argentinos.
650 4 _aVida cotidiana.
_vCuentos
740 3 1 _aLa sierva ajena.
910 _aVMateo V. Control de calidad. BPMSU
942 _2ddc
_cBK
999 _c9278
_d9278